Catálogo
 En Linea

El solitario de la Montaña Fría : (Registro nro. 7085)

Detalles MARC
000 -CABECERA
campo de control de longitud fija 00727cam a2200205 a 4500
001 - NÚMERO DE CONTROL
campo de control 000007304
005 - FECHA Y HORA DE LA ÚLTIMA TRANSACCIÓN
campo de control 20200929154128.0
008 - DATOS DE LONGITUD FIJA--INFORMACIÓN GENERAL
campo de control de longitud fija 060125s1994 ck 001 0 spa
020 ## - NÚMERO INTERNACIONAL ESTÁNDAR DEL LIBRO
Número Internacional Estándar del Libro 9589367003
040 ## - FUENTE DE LA CATALOGACIÓN
Centro catalogador/agencia de origen DO-SdBNP
Centro/agencia transcriptor DLC
082 ## - NÚMERO DE LA CLASIFICACIÓN DECIMAL DEWEY
Número de clasificación 895.1
Número de documento/Ítem H233A
100 1# - ENTRADA PRINCIPAL--NOMBRE DE PERSONA
Nombre de persona Arango, José Manuel,
Fechas asociadas al nombre 1937-2002.
9 (RLIN) 20285
245 13 - MENCIÓN DE TÍTULO
Título El solitario de la Montaña Fría :
Resto del título poemas de Han-shan /
Mención de responsabilidad, etc. versiones de José Manuel Arango.
260 ## - PUBLICACIÓN, DISTRIBUCIÓN, ETC.
Lugar de publicación, distribución, etc. Medellin, Colombia :
Nombre del editor, distribuidor, etc. Intergraf,
Fecha de publicación, distribución, etc. 1994.
300 ## - DESCRIPCIÓN FÍSICA
Extensión 78 p. ;
Dimensiones 24 cm.
600 10 - PUNTO DE ACCESO ADICIONAL DE MATERIA--NOMBRE DE PERSONA
Nombre de persona HAN-SHAN
Subdivisión general CRÍTICA E INTERPRETACIÓN
9 (RLIN) 20286
650 #4 - PUNTO DE ACCESO ADICIONAL DE MATERIA--TÉRMINO DE MATERIA
Término de materia o nombre geográfico como elemento de entrada Poesia china
Subdivisión general Historia y crítica
9 (RLIN) 20287
650 #4 - PUNTO DE ACCESO ADICIONAL DE MATERIA--TÉRMINO DE MATERIA
Término de materia o nombre geográfico como elemento de entrada Literatura china
Subdivisión general Crítica e interpretación
9 (RLIN) 20288
910 ## - DATOS DE OPCIÓN DEL USUARIO (OCLC)
Datos de opción del usuario Catalogación por copia / LC
Existencias
Estado de retiro Estado de pérdida Restricciones de uso No para préstamo Código de colección Localización permanente Ubicación/localización actual Ubicación en estantería Fecha de adquisición Número de inventario Total de préstamos Signatura topográfica completa Código de barras Fecha visto por última vez Precio válido a partir de Tipo de ítem Koha
    Préstamo interno   Monografías: Libros y Folletos General General En catalogación 07.09.2009 LF1   895.1 H233A 7304-10 25.06.2020 25.06.2020 Préstamo interno

Con tecnología Koha